Statistiken für Vornamen aus der Fußball-Bundesliga 2019/20

Klicken Sie hier um das Quiz zu spielen!

Allgemein

  • Dieses Quiz wurde 1.136 mal gespielt
  • Das Durchschnittsergebnis liegt bei 13 aus 18

Antwortstatistiken

NachnameVereinVorname% Korrekt
HavertzBayer LeverkusenKai
98%
GoretzkaBayern MünchenLeon
98%
WitselBorussia DortmundAxel
94%
Hector1. FC KölnJonas
94%
PetersenSC FreiburgNils
91%
SelkeHertha BSCDavie
86%
DostEintracht FrankfurtBas
85%
WendtMönchengladbachOscar
76%
SzalaiMainz 05Adam
75%
LaimerRB LeipzigKonrad
75%
KhediraFC AugsburgRani
73%
VogtTSG HoffenheimKevin
72%
MascarellSchalke 04Omar
72%
Gebre SelassieWerder BremenTheodor
55%
ZimmerDüsseldorfJean
49%
HünemeierSC PaderbornUwe
45%
RexhbecajVfL WolfsburgElvis
44%
AnderssonUnion BerlinSebastian
44%

Verteilung der Resultate

Perzentil nach korrekt beantworteten Fragen

Anzahl Personen mit jedem Resultat

Ihre Resultats-Entwicklung

Sie haben dieses Quiz noch nicht gespielt